=LDR 00000nam 2200000 4500 =001 INLIS000000000024319 =005 20130612122920 =008 ***********************************Ind** =035 ##$$0010-061300000024319 =041 ##$$a Ind =082 ##$$a 631.585 =090 ##$$a 631.585, Yan k =100 ##$$a Yanuharso, Triyono =245 ##$$a Kultur hidroponik, Bertanam tampa tanah, Triyono Yanuharso =260 ##$$a 1996 $b Bandung =300 ##$$a 49 hlm, 21 cm =650 ##$$a Hidroponik =850 ##$$a NBPNMAT